Herrscher von Karthago - Statistiken

Allgemein
  • Dieses Quiz wurde 4 mal gespielt
  • Das Durchschnittsergebnis liegt bei 4 aus 16
Antwortstatistiken
Hint Antwort % Korrekt
814-760 v.Chr. (Legendenfigur) Dido
100%
440-406 v.Chr. Hannibal
100%
510-480 v.Chr. Hamilkar I
50%
330 v.Chr Hamilkar II
50%
580-556 v.Chr. Hanno I
25%
480-440 v.Chr. Hanno I
25%
340-337 v.Chr. Hanno II
25%
530-510 v.Chr. Hasdrubal
25%
309-308 v.Chr Bomilkar
0%
337-330 v.Chr Gisco
0%
406-396 v.Chr. Himilkon
0%
550-530 v.Chr Mago I
0%
396-378 v.Chr. Mago II
0%
378-340 v.Chr. Mago III
0%
556-550 v.Chr Malchus
0%
760-580 v.Chr.(mehr als ein Herrscher) Unbekannt
0%
Keine übereinstimmenden Quizze gefunden
Verteilung der Resultate
Anzahl Personen mit jedem Resultat
Perzentil nach korrekt beantworteten Fragen
Ihre Resultats-Entwicklung
Sie haben dieses Quiz noch nicht gespielt